Návrh metodického postupu pre audítorov pri overovaní zverejňovania nefinančných informácií diplomová práca

Saved in:
Bibliographic Details
Main Author: Dékányová, Veronika
Corporate Author: Fakulta hospodárskej informatiky EU. Katedra účtovníctva a audítorstva
Other Authors: Kňažková, Veronika, 1986-
Format: Book
Language:Slovak
Published: Bratislava 2025
Tags: Add Tag
No Tags, Be the first to tag this record!

MARC

LEADER 00000nbm a2200000 4500
001 0310568
005 20260317112427.9
041 0 |a slo 
044 |a SK 
245 1 0 |a Návrh metodického postupu pre audítorov pri overovaní zverejňovania nefinančných informácií  |b diplomová práca  |c Veronika Dékányová ; školiteľ: Veronika Kňažková 
264 1 |a Bratislava  |c 2025 
300 |a 77 s. 
100 1 |a Dékányová, Veronika 
700 1 |a Kňažková, Veronika, 1986- 
710 2 |a Fakulta hospodárskej informatiky EU. Katedra účtovníctva a audítorstva